Đảng lãnh đạo xây dựng giai cấp công nhân trong giai đoạn hiện nay : Sách chuyên khảo
Tài liệu gồm 3 chương: chương 1: Những vấn đề chủ yếu về Đảng lãnh đạo xây dựng giai cấp công nhân Việt Nam; chương 2: Thực trạng Đảng lãnh đạo xây dựng giai cấp công nhân trong giai đoạn hiện nay; chương 3: Phương hướng và những giải phá...
Enregistré dans:
| Auteur principal: | |
|---|---|
| Format: | Livre |
| Langue: | Undetermined |
| Publié: |
Hà Nội
Chính trị Quốc gia
2009
|
| Sujets: | |
| Tags: |
Ajouter un tag
Pas de tags, Soyez le premier à ajouter un tag!
|
| Thư viện lưu trữ: | Trung tâm Học liệu Trường Đại học Cần Thơ |
|---|
| LEADER | 01294nam a2200229Ia 4500 | ||
|---|---|---|---|
| 001 | CTU_177462 | ||
| 008 | 210402s9999 xx 000 0 und d | ||
| 020 | |c 28000 | ||
| 082 | |a 324.2597 | ||
| 082 | |b Gi106 | ||
| 100 | |a Nguyễn, Văn Giang | ||
| 245 | 0 | |a Đảng lãnh đạo xây dựng giai cấp công nhân trong giai đoạn hiện nay : | |
| 245 | 0 | |b Sách chuyên khảo | |
| 245 | 0 | |c Nguyễn Văn Giang chủ biên | |
| 260 | |a Hà Nội | ||
| 260 | |b Chính trị Quốc gia | ||
| 260 | |c 2009 | ||
| 520 | |a Tài liệu gồm 3 chương: chương 1: Những vấn đề chủ yếu về Đảng lãnh đạo xây dựng giai cấp công nhân Việt Nam; chương 2: Thực trạng Đảng lãnh đạo xây dựng giai cấp công nhân trong giai đoạn hiện nay; chương 3: Phương hướng và những giải pháp chủ yếu tăng cường sự lãnh đạo của Đảng đối với xây dựng giai cấp công nhân hiện nay cùng với nhiều tài liệu tham khảo khác. | ||
| 650 | |a Communist parties,Đảng cộng sản | ||
| 650 | |z Vietnam,Việt Nam | ||
| 904 | |i Hải | ||
| 980 | |a Trung tâm Học liệu Trường Đại học Cần Thơ | ||